Das Jahr 1994 - Statistiken

Allgemein
  • Dieses Quiz wurde 41 mal gespielt
  • Das Durchschnittsergebnis liegt bei 10 aus 20
Antwortstatistiken
Nachricht Antwort % Korrekt
22. März: Steven Spielbergs Holocaust-Drama „__________ _____“ wird mit sieben Oscars ausgezeichnet. Schindlers Liste
91%
8. April: Die erste Thailändisch-Laotische Freundschaftsbrücke wird eröffnet, sie verbindet Vientiane mit Nong Khai. Als zweite den Mekong überspannende Brücke ermöglicht sie die Verbindung zwischen den beiden Hauptstädten _______ in Thailand und Vientiane in Laos. Bangkok
89%
27. April: In ________ tritt nach dem Ende der Apartheid eine neue Verfassung in Kraft. Sie garantiert allen Menschen - egal welcher Hautfarbe - die Gleichberechtigung und das Wahlrecht. Südafrika
89%
17. Juni bis 17. Juli: Die 15. Fußball-WM in den ___ gewinnt Brasilien. USA
86%
5. April: ____ ______ begeht Suizid. Seine Band Nirvana löst sich in der Folge nach dem Tod ihres Sängers und Gitarristen auf. Kurt Cobain
83%
10. Mai: John Wayne Gacy wird in den USA durch die ___________ hingerichtet. Der Serienmörder war vorher wegen Tötens von 33 Menschen zu 21-mal lebenslanger Haft und zwölfmaliger Todesstrafe verurteilt worden. Giftspritze
77%
14. November: Der __________ zwischen Calais in Frankreich und Folkestone in England wird für den Personenverkehr freigegeben. Eurotunnel
60%
2. Dezember: In _________ __ ____ wird erstmals im Bundesgebiet ein Fixerraum für Heroinsüchtige eingerichtet. Frankfurt am Main
51%
1. Januar: In Deutschland wird die Eisenbahn privatisiert; die Deutsche Bundesbahn und die Deutsche __________ werden zusammengeführt und in die Deutsche Bahn AG umgewandelt Reichsbahn
51%
18. Dezember: Jean-Marie Chauvet entdeckt an der Ardèche in Südfrankreich die nach ihm benannte Chauvet-Höhle mit über 300 ________________, die über 30.000 Jahre alt sind. Höhlenmalereien
46%
3. Oktober: Fernando Henrique Cardoso wird Präsident von _________. Brasilien
43%
8. Juli: Der nordkoreanische Staatsgründer und jahrzehntelanger Diktator des Landes, ___ __-____, stirbt im Alter von 82 Jahren. Kim Il-sung
40%
16. April: Hutu-Soldaten beginnen in Ruanda damit, das Massaker von Nyarubuye unter den _____ anzurichten. Einschließlich des folgenden Tages sterben bis zu etwa 2000 Menschen in der Stadt bei diesem Akt des Völkermords. Tutsi
40%
12. Juni: __________ entscheidet sich in einer Volksabstimmung für den EU-Beitritt Österreich
37%
28. September: Untergang der Passagierfähre _______ auf der Fahrt von Tallinn nach Stockholm. Mit ihr verlieren 852 Menschen ihr Leben. Bisher größte zivile Schifffahrtskatastrophe nach Ende des Zweiten Weltkrieges Estonia
34%
11. Juni: § 175 StGB zur männlichen ______________ wird in Deutschland gestrichen. Homosexualität
34%
11. Dezember: Mit dem Einmarsch russischer Truppen in die nach Unabhängigkeit strebende Republik Tschetschenien beginnt der Erste ___________________. Tschetschenienkrieg
34%
6. April: Das Flugzeug mit dem ruandischen Staatspräsidenten Juvénal Habyarimana und dem burundischen Staatspräsident Cyprien Ntaryamira an Bord wird beim Landeanflug auf ______ abgeschossen – der Völkermord in Ruanda beginnt. Kigali
26%
9. November: Der Gesellschaft für Schwerionenforschung gelingt es erstmals, das später ____________ genannte Element 110 durch Verschmelzung eines Blei- und eines Nickel-Ions zu erzeugen. Darmstadtium
20%
12. Oktober: Die Hauptbohrung des Kontinentalen Tiefbohrprogramms der Bundesrepublik Deutschland wird bei einer Tiefe von ____ Metern beendet. 9101
6%
Keine übereinstimmenden Quizze gefunden
Verteilung der Resultate
Anzahl Personen mit jedem Resultat
Perzentil nach korrekt beantworteten Fragen
Ihre Resultats-Entwicklung
Sie haben dieses Quiz noch nicht gespielt